000 00533nam a2200193 a 4500
001 23085
003 CO-ViMGA
008 141112s2004 ck r 000 u spa d
020 _a958021932X
040 _aCO-ViMGA
_bspa
_cCO-ViMGA
082 0 4 _a780.7 P456
100 1 _aPiloneta Peñuela, Jose Ignacio
_933232
245 1 0 _ado re mi 10 educación Musical
260 _aColombia :
_bArtelandia
300 _a144 Pa.
650 1 4 _aINTERPRETACION MUSICAL
_920638
650 1 4 _aMUSICA - ENESEÑANZA SECUNDARIA
_933233
942 _2ddc
_cBK
999 _c31365
_d31365